الحج و العمرة / (رقم التسجيلة. 133010)

تفاصيل مارك
000 -الفاتح
عناصر البيانات ثابتة الطول 00738cam a2200181 i 4500
005 - تاريخ ووقت آخر معاملة
حقل ضبط 20251210111215.0
008 - عناصر البيانات ثابتة الطول
عناصر البيانات ثابتة الطول 250721s2011 ua gr 000 0 ara d
082 14 - رقم تصنيف ديوي العشري
رقم التصنيف 216.25/شعر
100 1# - مدخل رئيسي – اسم شخصي
الاسم الشخصي الشعراوي، عبد الرحيم محمد متولي
علاقة الشخص بالعمل/ دوره مؤلف.
245 10 - بيان العنوان
العنوان الحج و العمرة /
بيان المسؤولية للامام متولي الشعراوي؛ حققه واعتنى به عبد الرحيم متولي الشعراوي .
264 1# - بيانات النشر، التوزيع…إلخ
مكان النشر، التوزيع...إلخ القاهرة :
اسم الناشر، الموزع...إلخ دار التوفيقية،
تاريخ النشر، التوزيع...إلخ 2011.
300 ## - الوصف المادي
عدد الوحدات المكونة للوعاء 312 صفحه.
650 17 - مدخل إضافي بالموضوع - مصطلح موضوعي
مصطلح موضوعي أو اسم جغرافي كعنصر مدخل الحج.
650 17 - مدخل إضافي بالموضوع - مصطلح موضوعي
مصطلح موضوعي أو اسم جغرافي كعنصر مدخل العبادة.
700 1# - مدخل إضافي - اسم شخصي
الاسم الشخصي الشعراوي عبدالرحيم محمد متولي.
علاقة الشخص بالعمل/ دوره حققه واعتنى به
942 ## - بيانات إضافية (كوها)
نوع التنصيف Dewey Decimal Classification
نوع المادة (كوها) كتب
المقتنيات
حالة السحب حالة الفقدان مصدر التصنيف حالة التلف غير قابل للإعارة المكتبة الرئيسية المكتبة الحالية موقع الرف تاريخ التزويد الرقم المتسلسل Total Checkouts رقم الإستدعاء الباركود تاريخ آخر ظهور تاريخ الفاتورة نوع المادة (كوها)
    Dewey Decimal Classification     المكتبة المركزية المكتبة المركزية الإعارة 28/07/2025 1615525   216.25 / ش ع ر PLD00355305 28/07/2025 28/07/2025 كتب
    Dewey Decimal Classification     مكتبة أم قصير والمقابلين العامة مكتبة أم قصير والمقابلين العامة الإعارة 02/12/2015 1615526   216.25/شعر PLD00367481 28/07/2025 02/12/2015 كتب
Implemented & Customized by: BBB with SCIT (Smart Chains for Information Technology)

Powered by Koha